000 00875nas a2200241 4500
001 BR9000147
003 BR-BrBNA
005 20231205091753.0
007 ta
008 230509b bl.|||p| |||| 00| 00por d
040 _aBR-BrBNA
_bpor
_cBiblioteca Nacional de Agricultura
041 _a(Pt)
072 _aH10
100 1 _aDelabie, J.H.C.
245 1 _aAvaliacao preliminar de tecnica alternativa de controle da formiga "pixixica" Wasmannia auropunctata em cacauais
246 1 _aPreliminary evaluation of an alternative technique for the control of the little fire ant Wasmannia auropunctata in cacao plantations
650 _aCACAU
650 _aFORMIGA
773 0 _tAgrotropica (Brazil)
_xISSN 0103-3816
_g(Jan-Apr 1989), v. 1(1) p. 75-78
_wBR9000147
856 4 0 _dLink DSPACE/MAPA BR9000147
909 _a202311
_bLúcia
_c55
_dLúcia Elande
942 _2AGRIS
_n0
_cANA
999 _c127229
_d127229